| 000 | 00914nam a2200229Ii 4500 | ||
|---|---|---|---|
| 003 | JO-AjNU | ||
| 008 | 230605s9999||||xx |||||||||||||| ||und|| | ||
| 017 | _a2014/10/4839 | ||
| 020 | _a978-1-56564-626-2 | ||
| 040 |
_aJO-AjNU _bara _erda _cJO-AjNU |
||
| 041 | _aara | ||
| 050 | 1 | 4 | _aB741.M338 2015 |
| 100 | 3 |
_aملكاوي، فتحي حسن, _eauthor _952245 |
|
| 245 | 0 | 0 | _aالبناء الفكري: مفهومه ومستوياته وخرائطه |
| 250 | _aط1 | ||
| 264 | 3 | 1 | _aفرجينيا:المعهد العالمي للفكر الاسلامي ،2015 |
| 300 |
_a350ص _bيشتمل على كشافات |
||
| 336 |
_atext _btxt _2rdacontent |
||
| 337 |
_aunmediated _bn _2rdamedia |
||
| 338 |
_avolume _bnc _2rdacarrier |
||
| 650 | 4 |
_aالفكر الاسلامي - البناء الفكري - التفكير - خرائط الافكار - اللغة والفكر - المراكز الفكرية _952246 |
|
| 999 |
_aA23132 _c26700 _d26700 |
||